<?xml version="1.0" encoding="UTF-8"?>
<record
    xmlns:xsi="http://www.w3.org/2001/XMLSchema-instance"
    xsi:schemaLocation="http://www.loc.gov/MARC21/slim http://www.loc.gov/standards/marcxml/schema/MARC21slim.xsd"
    xmlns="http://www.loc.gov/MARC21/slim">

  <leader>00730nam a2200169 a 4500</leader>
  <controlfield tag="001">000035449</controlfield>
  <controlfield tag="005">20200930074342.0</controlfield>
  <controlfield tag="008">111031s1961    xxu           000 0 eng d</controlfield>
  <datafield tag="040" ind1=" " ind2=" ">
    <subfield code="a">DO-SdBNP</subfield>
    <subfield code="b">spa</subfield>
    <subfield code="c">BNPHU</subfield>
  </datafield>
  <datafield tag="082" ind1=" " ind2=" ">
    <subfield code="a">xxxx</subfield>
    <subfield code="b">M114d</subfield>
  </datafield>
  <datafield tag="100" ind1="1" ind2=" ">
    <subfield code="a">Dostoyevsky, Fyodor,</subfield>
    <subfield code="d">1821-1881.</subfield>
    <subfield code="9">19889</subfield>
  </datafield>
  <datafield tag="245" ind1="1" ind2="0">
    <subfield code="a">Notes from underground, white Nights , the dream of a rediculous man , and selections from the house of the dead /</subfield>
    <subfield code="c">Dostoyevsky ; a new translation with an afterword by Andrew R. MacAndrew.</subfield>
  </datafield>
  <datafield tag="260" ind1=" " ind2=" ">
    <subfield code="a">New York, :</subfield>
    <subfield code="b">The New American Library,</subfield>
    <subfield code="c">1961.</subfield>
  </datafield>
  <datafield tag="700" ind1="1" ind2="2">
    <subfield code="a">Dostoyevsky, Fyodor</subfield>
    <subfield code="t">white Nights</subfield>
    <subfield code="9">61289</subfield>
  </datafield>
  <datafield tag="700" ind1="1" ind2="2">
    <subfield code="a">Dostoyevsky, Fyodor</subfield>
    <subfield code="t">the dream of a rediculous man</subfield>
    <subfield code="9">61290</subfield>
  </datafield>
  <datafield tag="700" ind1="1" ind2="2">
    <subfield code="a">MacAndrew, Andrew R.</subfield>
    <subfield code="d">1911-</subfield>
    <subfield code="9">61291</subfield>
  </datafield>
  <datafield tag="952" ind1=" " ind2=" ">
    <subfield code="0">0</subfield>
    <subfield code="1">0</subfield>
    <subfield code="5">0</subfield>
    <subfield code="7">1</subfield>
    <subfield code="8">MO</subfield>
    <subfield code="a">GR</subfield>
    <subfield code="b">GR</subfield>
    <subfield code="c">CT</subfield>
    <subfield code="d">2011-10-31</subfield>
    <subfield code="i">LF1</subfield>
    <subfield code="l">0</subfield>
    <subfield code="o">xxxx M114d</subfield>
    <subfield code="p">35449-10</subfield>
    <subfield code="r">2020-06-25</subfield>
    <subfield code="w">2020-06-25</subfield>
    <subfield code="y">1</subfield>
    <subfield code="z">Perteneci&#xF3; a la biblioteca personal de  Juan Isidro Jimenes Grull&#xF3;n</subfield>
    <subfield code="Z">No se presta</subfield>
  </datafield>
  <datafield tag="999" ind1=" " ind2=" ">
    <subfield code="c">34940</subfield>
    <subfield code="d">34940</subfield>
  </datafield>
</record>
